Statistics for Cities by Wikipedia Descriptions #3

Click here to take the quiz!

General Stats

  • This quiz has been taken 10,498 times
  • The average score is 13 of 20

Answer Stats

HintAnswer% Correct
Traditionally credited as the home of pizzaNaples
90%
Home to the headquarters of the United NationsNew York City
89%
Gucci, Versace, Prada, Armani, and Dolce & Gabbana are headquartered in the cityMilan
85%
Could overtake Sydney in population by 2028Melbourne
84%
The largest Portuguese-speaking city in the worldSão Paulo
83%
The only Canadian city to have held the Summer OlympicsMontreal
80%
Offers activities such as legal prostitution and a number of coffee shops that sell cannabisAmsterdam
76%
Home to Israel's only stock exchangeTel Aviv
74%
The major financial centre of the European continentFrankfurt
73%
The westernmost point of Continental EuropeLisbon
71%
The largest component of the Keihanshin Metropolitan Area, the second largest
metropolitan area in Japan
Osaka
71%
In 1914, it was the site of the assassination of Archduke Franz Ferdinand of AustriaSarajevo
66%
Home port of the Russian Pacific FleetVladivostok
55%
The capital of the Indian state of West BengalKolkata
55%
Bands that have emerged from its music scene include Oasis, The Smiths, and Joy DivisionManchester
54%
In the late 16th century, Portuguese, French, Danish, Dutch and English ships regularly
stopped over in Table Bay en route to the Indies
Cape Town
52%
Tahrir Square continued to be the primary destination for protestsCairo
49%
The Iditarod Trail Sled Dog Race kicks off with its ceremonial start downtown on Fourth AvenueAnchorage
44%
One of the largest film production centres in North America, earning it
the nickname "Hollywood North"
Vancouver
44%
Thinkers like David Hume, Adam Smith, James Hutton and Joseph Black were
familiar figures in its streets
Edinburgh
42%

Score Distribution

Percentile by Number Answered

Percent of People with Each Score

Your Score History

You have not taken this quiz